000 00635cam a2200253 4500
001 B1061
008 090401t1985 xxu||||| |||| 00| 0 eng d
035 _a(Sirsi) u42393
041 _aeng
050 _a333.33
110 _aChestertons
_92189
245 _aChesterton`s property market report 1984 and projections for 1985
260 _aLondon
_bChestertons
_c1985
300 _a(24) leaves ; 30cm.
350 _a0
650 _aFARM LAND
650 _aINDUSTRIAL PROPERTY
650 _aINVESTMENT
650 _aOFFICES
650 _aRESIDENTIAL PROPERTY
_96266
650 _aSHOPS
942 _n0
948 _c04/03/1997
999 _c91096
_d91096